The Lost Decade 2008 -18 (Record no. 96178)

MARC details
000 -LEADER
fixed length control field 00561nam a2200229Ia 4500
005 - DATE AND TIME OF LATEST TRANSACTION
control field 20230422162322.0
008 - FIXED-LENGTH DATA ELEMENTS--GENERAL INFORMATION
fixed length control field 230125s9999 xx 000 0 und d
020 ## - INTERNATIONAL STANDARD BOOK NUMBER
International Standard Book Number 978067091836
041 ## - LANGUAGE CODE
Language code of text/sound track or separate title eng
082 ## - DEWEY DECIMAL CLASSIFICATION NUMBER
Classification number 050.954
Item number MEH
100 ## - MAIN ENTRY--PERSONAL NAME
Author Mehra P
245 ## - TITLE STATEMENT
Title The Lost Decade 2008 -18
250 ## - EDITION STATEMENT
Edition statement 1st Ed.
260 ## - PUBLICATION, DISTRIBUTION, ETC.
Date of publication, distribution, etc. 2019
Name of publisher, distributor, etc. Penguin Random House India
Place of publication, distribution, etc. India
300 ## - PHYSICAL DESCRIPTION
Extent 340p
500 ## - GENERAL NOTE
Keywords Aptitude Tests;India<br/>
650 ## - SUBJECT ADDED ENTRY--TOPICAL TERM
Topical term or geographic name entry element Aptitude Tests;India
700 ## - ADDED ENTRY--PERSONAL NAME
Personal name Mehra P
942 ## - ADDED ENTRY ELEMENTS (KOHA)
Koha item type Books
906 ## - LOCAL DATA ELEMENT F, LDF (RLIN)
b 167.72
Holdings
Withdrawn status Lost status Damaged status Not for loan Home library Current library Date acquired Vendor Net Price Bill number Total Checkouts Full call number Barcode Date last seen Actual Price Bill Date Koha item type Original Barcode
        Smt. Hiraben Nanavati Institute of Management & Research for Women Smt. Hiraben Nanavati Institute of Management & Research for Women 02/01/2020 Forward Books 599.00 11159   050.954 MEH B19299 HIMR-BK-19299 25/01/2023 431.28 25/01/2023 Books B19299